Personnages de Tintin - Mort subite - Statistiques

Statistiques générales
  • Ce quiz a été pris 1 485 fois
  • Le résultat moyen est 10 sur 15
Answers on the Grid
Answers color-coded by a green-red scale on the quiz's grid according to % correct below.
Pirlouit
Mitsuhirato
Tullius Detritus
Dupons
Dupont
Dupond
General Alcazar
Rantanplan
Bianca Castafiore
Flupke
Bab El Ehr
Philip Mortimer
Michel Vaillant
Piotr Szut
Allan Thompson
Buck Danny
Yoko Tsuno
Tchang
Rascar Capac
Iznogoud
Muskar XII
Gargamel
Laszlo Carreidas
Oliveira da Figueira
Oumpah-Pah
Milou
Yakari
Bertrand Labévue
Carmen Mc Callum
Tryphon Tournesol
 
Statistiques - réponses
Réponse % Correct
Milou
91%
Dupont
87%
Dupond
86%
Bianca Castafiore
82%
Tryphon Tournesol
80%
General Alcazar
74%
Tchang
74%
Rascar Capac
65%
Oliveira da Figueira
55%
Laszlo Carreidas
50%
Mitsuhirato
50%
Muskar XII
50%
Bab El Ehr
49%
Piotr Szut
49%
Allan Thompson
46%
Aucun quiz correspondant
Distribution des résultats
% des personnes avec chaque résultat
Percentile par nombre de réponses
Votre historique - résultats
Vous n’avez pas pris ce quiz